000 00740nmm a2200265 a 4500
003 AR-BaBNM
005 20251128204755.0
008 205119s1992 ||||||||||||||000 | spa||
020 _a84-7676-221-6
040 _cAR-BaBNM
100 1 _aIglesias Millán, José Antonio
245 1 0 _aLa gestión de recursos humanos aplicada al sector turístico
260 _aBarcelona
_bBosch
_c1992
300 0 _a233 p.
500 0 _aContiene índice bibliográfico en p. 229-233
650 4 _aRECURSOS HUMANOS
650 4 _aADMINISTRACION DE EMPRESAS
650 4 _aTRABAJADORES
650 4 _aTURISMO
650 4 _aPSICOLOGIA INDUSTRIAL
650 4 _aLIDERAZGO
650 4 _aADMINISTRACION DEL PERSONAL
942 _cBK
998 _cGLORIA
999 _c8767
_d8767